Human and social Impact of Technological change in Pakistan (Record no. 235076)

000 -LEADER
fixed length control field 00398 a2200169 4500
001 - CONTROL NUMBER
control field 3
003 - CONTROL NUMBER IDENTIFIER
control field NUST
005 - DATE AND TIME OF LATEST TRANSACTION
control field 20201027095259.0
007 - PHYSICAL DESCRIPTION FIXED FIELD--GENERAL INFORMATION
fixed length control field
008 - FIXED-LENGTH DATA ELEMENTS--GENERAL INFORMATION
fixed length control field 201027b ||||| |||| 00| 0 eng d
038 ## - RECORD CONTENT LICENSOR
Staff Name jawad
082 ## - DEWEY DECIMAL CLASSIFICATION NUMBER
Edition number 333.36
Classification number JEF
100 ## - MAIN ENTRY--PERSONAL NAME
Personal name Hussain
9 (RLIN) 34544
245 ## - TITLE STATEMENT
Title Human and social Impact of Technological change in Pakistan
260 ## - PUBLICATION, DISTRIBUTION, ETC.
Name of publisher, distributor, etc. Geoffrey
942 ## - ADDED ENTRY ELEMENTS (KOHA)
Institution code [OBSOLETE] NUST-CAE
Source of classification or shelving scheme
Holdings
Withdrawn status Lost status Damaged status Not for loan Collection code Permanent Location Current Location Date acquired Total Checkouts Barcode Date last seen Price effective from Koha item type
          College of Aeronautical Engineering (CAE) College of Aeronautical Engineering (CAE) 04/03/2017   CAE49889 04/05/2017 04/05/2017 Book
© 2023 Central Library, National University of Sciences and Technology. All Rights Reserved.